[Event "Is Bankasi Online Satranc Turn.13-14 Yas"]
[Site "T#645826Mustafa Kemal"]
[Date "2020.05.08"]
[Round "2"]
[White "Anilalabas22"]
[Black "Aleksculcu44"]
[Result "1-0"]
[WhiteElo "1620"]
[BlackElo "1620"]
[Annotator "NA RC"]
[PlyCount "113"]
[EventDate "2020.05.08"]
[EventType "swiss (blitz)"]

1. e4 {[%emt 0:00:03]} e5 {[%emt 0:00:01]} 2. Nf3 {[%emt 0:00:01]} Nc6 {[%emt 0:00:01]} 3. Nc3 {[%emt 0:00:01]} Nf6 {[%emt 0:00:02]} 4. Bb5 {[%emt 0:00:01]} Bb4 {[%emt 0:00:02]} 5. O-O {[%emt 0:00:02]} O-O {[%emt 0:00:04]} 6. d3 {[%emt 0:00:01]} h6 {[%emt 0:00:02]} 7. h3 {[%emt 0:00:02]} Bxc3 {[%emt 0:00:03]} 8. bxc3 {[%emt 0:00:01]} d6 {[%emt 0:00:01]} 9. Be3 {[%emt 0:00:02]} Be6 {[%emt 0:00:04]} 10. Qd2 {[%emt 0:00:04]} a6 {[%emt 0:00:02]} 11. Bxc6 {[%emt 0:00:04]} bxc6 {[%emt 0:00:03]} 12. Rfd1 {[%emt 0:00:11]} Rb8 {[%emt 0:00:02]} 13. c4 {[%emt 0:00:03]} Rb7 {[%emt 0:00:08]} 14. Qe2 {[%emt 0:00:05]} Qb8 {[%emt 0:00:04]} 15. Nd2 {[%emt 0:00:01]} Re8 {[%emt 0:00:08]} 16. f4 {[%emt 0:00:02]} exf4 {[%emt 0:00:05]} 17. Bxf4 {[%emt 0:00:01]} Nh5 {[%emt 0:00:06]} 18. Qxh5 {[%emt 0:00:02]} Rb2 {[%emt 0:00:08]} 19. Rdb1 {[%emt 0:00:06]} Rxb1+ {[%emt 0:00:07]} 20. Rxb1 {[%emt 0:00:01]} Qc8 {[%emt 0:00:05]} 21. Nf3 {[%emt 0:00:05]} Qd7 {[%emt 0:00:03]} 22. Nd4 {[%emt 0:00:06]} g6 {[%emt 0:00:11]} 23. Qf3 {[%emt 0:00:02]} h5 {[%emt 0:00:06]} 24. e5 {[%emt 0:00:16]} dxe5 {[%emt 0:00:06]} 25. Bxe5 {[%emt 0:00:01]} a5 {[%emt 0:00:13]} 26. Qxc6 {[%emt 0:00:08]} Qxc6 {[%emt 0:00:04]} 27. Nxc6 {[%emt 0:00:01]} Rc8 {[%emt 0:00:08]} 28. Rb8 {[%emt 0:00:03]} Rxb8 {[%emt 0:00:02]} 29. Nxb8 {[%emt 0:00:00]} Kf8 {[%emt 0:00:04]} 30. Bxc7 {[%emt 0:00:02]} Bc8 {[%emt 0:00:08]} 31. Bxa5 {[%emt 0:00:01]} Ke8 {[%emt 0:00:08]} 32. d4 {[%emt 0:00:09]} Ke7 {[%emt 0:00:03]} 33. Bb4+ {[%emt 0:00:02]} Ke6 {[%emt 0:00:07]} 34. d5+ {[%emt 0:00:02]} Ke5 {[%emt 0:00:03]} 35. Nc6+ {[%emt 0:00:04]} Kf6 {[%emt 0:00:11]} 36. Be7+ {[%emt 0:00:04]} Kf5 {[%emt 0:00:08]} 37. d6 {[%emt 0:00:01]} Bd7 {[%emt 0:00:03]} 38. Nb8 {[%emt 0:00:02]} Bc8 {[%emt 0:00:08]} 39. d7 {[%emt 0:00:01]} Bxd7 {[%emt 0:00:07]} 40. Nxd7 {[%emt 0:00:01]} Ke6 {[%emt 0:00:00]} 41. Nc5+ {[%emt 0:00:15]} Kxe7 {[%emt 0:00:01]} 42. a4 {[%emt 0:00:00]} Kd6 {[%emt 0:00:01]} 43. Ne4+ {[%emt 0:00:02]} Kc6 {[%emt 0:00:06]} 44. a5 {[%emt 0:00:01]} Kb7 {[%emt 0:00:01]} 45. c5 {[%emt 0:00:02]} Ka6 {[%emt 0:00:02]} 46. c6 {[%emt 0:00:01]} Ka7 {[%emt 0:00:02]} 47. Nd6 {[%emt 0:00:01]} Kb8 {[%emt 0:00:02]} 48. a6 {[%emt 0:00:01]} h4 {[%emt 0:00:10]} 49. a7+ {[%emt 0:00:02]} Ka8 {[%emt 0:00:02]} 50. c7 {[%emt 0:00:01]} Kxa7 {[%emt 0:00:01]} 51. c8=Q {[%emt 0:00:01]} Kb6 {[%emt 0:00:03]} 52. Nc4+ {[%emt 0:00:04]} Kb5 {[%emt 0:00:02]} 53. Nd6+ {[%emt 0:00:03]} Ka4 {[%emt 0:00:02]} 54. Qb7 {[%emt 0:00:01]} Ka3 {[%emt 0:00:02]} 55. Nc4+ {[%emt 0:00:01]} Ka4 {[%emt 0:00:02]} 56. Nb2+ {[%emt 0:00:09]} Ka5 {[%emt 0:00:02]} 57. c4 {[%emt 0:00:00] Zaman (Lag: Av=0.46s, max=0.9s)} 1-0

[Event "Is Bankasi Online Satranc Turn.13-14 Yas"]
[Site "T#645826Mustafa Kemal"]
[Date "2020.05.08"]
[Round "2"]
[White "Beratkocu96"]
[Black "Denizozkurt48"]
[Result "0-1"]
[WhiteElo "1620"]
[BlackElo "1620"]
[Annotator "NA RC"]
[PlyCount "96"]
[EventDate "2020.05.08"]
[EventType "swiss (blitz)"]

1. d4 {[%emt 0:00:02]} c5 {[%emt 0:00:01]} 2. d5 {[%emt 0:00:02]} e6 {[%emt 0:00:01]} 3. c4 {[%emt 0:00:03]} exd5 {[%emt 0:00:02]} 4. cxd5 {[%emt 0:00:00]} d6 {[%emt 0:00:01]} 5. Nc3 {[%emt 0:00:02]} g6 {[%emt 0:00:01]} 6. Nf3 {[%emt 0:00:02]} Bg7 {[%emt 0:00:01]} 7. e4 {[%emt 0:00:02]} Nf6 {[%emt 0:00:02]} 8. Bb5+ {[%emt 0:00:03]} Nbd7 {[%emt 0:00:02]} 9. a4 {[%emt 0:00:03]} O-O {[%emt 0:00:01]} 10. O-O {[%emt 0:00:03]} a6 {[%emt 0:00:01]} 11. Bd3 {[%emt 0:00:02]} Re8 {[%emt 0:00:01]} 12. Re1 {[%emt 0:00:03]} Qc7 {[%emt 0:00:01]} 13. Bf4 {[%emt 0:00:03]} Nh5 {[%emt 0:00:09]} 14. Bg3 {[%emt 0:00:09]} Nxg3 {[%emt 0:00:02]} 15. hxg3 {[%emt 0:00:00]} Rb8 {[%emt 0:00:02]} 16. a5 {[%emt 0:00:04]} b5 {[%emt 0:00:08]} 17. axb6 {[%emt 0:00:03]} Qxb6 {[%emt 0:00:02]} 18. Rb1 {[%emt 0:00:09]} Ne5 {[%emt 0:00:06]} 19. Nxe5 {[%emt 0:00:05]} Bxe5 {[%emt 0:00:03]} 20. Bc4 {[%emt 0:00:11]} Bd7 {[%emt 0:00:03]} 21. f4 {[%emt 0:00:09]} Bd4+ {[%emt 0:00:02]} 22. Kh1 {[%emt 0:00:03]} Bb5 {[%emt 0:00:02]} 23. Nxb5 {[%emt 0:00:08]} axb5 {[%emt 0:00:02]} 24. Bd3 {[%emt 0:00:01]} Ra8 {[%emt 0:00:04]} 25. Qc2 {[%emt 0:00:08]} Ra2 {[%emt 0:00:05]} 26. Qb3 {[%emt 0:00:07]} Ra5 {[%emt 0:00:14]} 27. Ra1 {[%emt 0:00:03]} Rxa1 {[%emt 0:00:02]} 28. Rxa1 {[%emt 0:00:00]} c4 {[%emt 0:00:01]} 29. Bxc4 {[%emt 0:00:02]} bxc4 {[%emt 0:00:01]} 30. Qxb6 {[%emt 0:00:02]} Bxb6 {[%emt 0:00:00]} 31. Ra6 {[%emt 0:00:01]} Bc5 {[%emt 0:00:01]} 32. Rc6 {[%emt 0:00:04]} Rxe4 {[%emt 0:00:02]} 33. Kh2 {[%emt 0:00:08]} Re2 {[%emt 0:00:01]} 34. Kh3 {[%emt 0:00:01]} Rxb2 {[%emt 0:00:02]} 35. Rc8+ {[%emt 0:00:00]} Kg7 {[%emt 0:00:01]} 36. Rc7 {[%emt 0:00:00]} c3 {[%emt 0:00:02]} 37. Re7 {[%emt 0:00:03]} c2 {[%emt 0:00:02]} 38. Re1 {[%emt 0:00:01]} Rb1 {[%emt 0:00:01]} 39. Re2 {[%emt 0:00:01]} c1=Q {[%emt 0:00:01]} 40. Re7 {[%emt 0:00:01]} Qh1+ {[%emt 0:00:01]} 41. Kg4 {[%emt 0:00:00]} h5+ {[%emt 0:00:00]} 42. Kg5 {[%emt 0:00:02]} Bd4 {[%emt 0:00:03]} 43. f5 {[%emt 0:00:05]} Bf6+ {[%emt 0:00:03]} 44. Kf4 {[%emt 0:00:01]} Qf1+ {[%emt 0:00:01]} 45. Ke3 {[%emt 0:00:01]} Re1+ {[%emt 0:00:01]} 46. Kd2 {[%emt 0:00:03]} Qf2+ {[%emt 0:00:00]} 47. Kd3 {[%emt 0:00:01]} Qd4+ {[%emt 0:00:00]} 48. Kc2 {[%emt 0:00:04]} Qc3# {[%emt 0:00:01] (Lag: Av=0.60s, max=1.0s)} 0-1

[Event "Is Bankasi Online Satranc Turn.13-14 Yas"]
[Site "T#645826Mustafa Kemal"]
[Date "2020.05.08"]
[Round "2"]
[White "Berkaysemitay32"]
[Black "Efemetehanyavu96"]
[Result "0-1"]
[WhiteElo "1620"]
[BlackElo "1620"]
[Annotator "NA RC"]
[PlyCount "60"]
[EventDate "2020.05.08"]
[EventType "swiss (blitz)"]

1. e4 {[%emt 0:00:02]} g6 {[%emt 0:00:02]} 2. Nf3 {[%emt 0:00:01]} Bg7 {[%emt 0:00:00]} 3. d4 {[%emt 0:00:01]} c6 {[%emt 0:00:01]} 4. c4 {[%emt 0:00:03]} d5 {[%emt 0:00:02]} 5. cxd5 {[%emt 0:00:04]} cxd5 {[%emt 0:00:00]} 6. e5 {[%emt 0:00:01]} Nh6 {[%emt 0:00:04]} 7. Bd3 {[%emt 0:00:07]} O-O {[%emt 0:00:02]} 8. O-O {[%emt 0:00:01]} Nc6 {[%emt 0:00:03]} 9. Be3 {[%emt 0:00:01]} Nf5 {[%emt 0:00:02]} 10. Bxf5 {[%emt 0:00:06]} Bxf5 {[%emt 0:00:00]} 11. Nc3 {[%emt 0:00:01]} Rc8 {[%emt 0:00:14]} 12. Qb3 {[%emt 0:00:01]} Bd3 {[%emt 0:00:17]} 13. Rfd1 {[%emt 0:00:14]} Bc4 {[%emt 0:00:02]} 14. Qxb7 {[%emt 0:00:06]} Rc7 {[%emt 0:00:06]} 15. Qxc7 {[%emt 0:00:35]} Qxc7 {[%emt 0:00:00]} 16. b3 {[%emt 0:00:04]} Ba6 {[%emt 0:00:09]} 17. Nxd5 {[%emt 0:00:01]} Qd7 {[%emt 0:00:04]} 18. Nf4 {[%emt 0:00:17]} Nb4 {[%emt 0:00:09]} 19. Rdc1 {[%emt 0:00:10]} Rc8 {[%emt 0:00:13]} 20. a3 {[%emt 0:00:16]} Nd3 {[%emt 0:00:15]} 21. Nxd3 {[%emt 0:00:12]} Bxd3 {[%emt 0:00:00]} 22. Re1 {[%emt 0:00:09]} Qd5 {[%emt 0:00:11]} 23. b4 {[%emt 0:00:03]} Rc2 {[%emt 0:00:11]} 24. h3 {[%emt 0:00:14]} Be4 {[%emt 0:00:12]} 25. Ng5 {[%emt 0:00:12]} Bxg2 {[%emt 0:00:07]} 26. Kh2 {[%emt 0:00:26]} h6 {[%emt 0:00:04]} 27. f3 {[%emt 0:00:11]} Bxf3+ {[%emt 0:00:07]} 28. Kg1 {[%emt 0:00:00]} Rg2+ {[%emt 0:00:03]} 29. Kf1 {[%emt 0:00:00]} Qc4+ {[%emt 0:00:01]} 30. Re2 {[%emt 0:00:09]} Qxe2# {[%emt 0:00:01] (Lag: Av=0.79s, max=1.1s)} 0-1

[Event "Is Bankasi Online Satranc Turn.13-14 Yas"]
[Site "T#645826Mustafa Kemal"]
[Date "2020.05.08"]
[Round "2"]
[White "Boratuncaya04"]
[Black "Civangurbuz34"]
[Result "0-1"]
[WhiteElo "1620"]
[BlackElo "1620"]
[Annotator "NA RC"]
[PlyCount "54"]
[EventDate "2020.05.08"]
[EventType "swiss (blitz)"]
[TimeControl "180+2"]

1. d4 {[%emt 0:00:03]} e6 {[%emt 0:00:02]} 2. e4 {[%emt 0:00:02]} c5 {[%emt 0:00:01]} 3. dxc5 {[%emt 0:00:02]} Bxc5 {[%emt 0:00:03]} 4. Bd2 {[%emt 0:00:05]} Qb6 {[%emt 0:00:05]} 5. Be3 {[%emt 0:00:07]} Bxe3 {[%emt 0:00:13]} 6. fxe3 {[%emt 0:00:07]} Qxb2 {[%emt 0:00:01]} 7. Nd2 {[%emt 0:00:05]} Nc6 {[%emt 0:00:05]} 8. Bc4 {[%emt 0:00:20]} Ne5 {[%emt 0:00:16]} 9. Rb1 {[%emt 0:00:08]} Qc3 {[%emt 0:00:02]} 10. Bb3 {[%emt 0:00:39]} Qxe3+ {[%emt 0:00:05]} 11. Qe2 {[%emt 0:00:06]} Ng4 {[%emt 0:00:15]} 12. h3 {[%emt 0:00:17]} Qxe2+ {[%emt 0:00:03]} 13. Kxe2 {[%emt 0:00:05]} Ne5 {[%emt 0:00:01]} 14. Ngf3 {[%emt 0:00:04]} Ng6 {[%emt 0:00:13]} 15. Kf2 {[%emt 0:00:06]} b6 {[%emt 0:00:11]} 16. Rhe1 {[%emt 0:00:18]} Bb7 {[%emt 0:00:02]} 17. Kg1 {[%emt 0:00:10]} Nf4 {[%emt 0:00:12]} 18. Ng5 {[%emt 0:00:10]} h6 {[%emt 0:00:08]} 19. Ngf3 {[%emt 0:00:19]} Nf6 {[%emt 0:00:01]} 20. g3 {[%emt 0:00:04]} Nxh3+ {[%emt 0:00:03]} 21. Kg2 {[%emt 0:00:04]} Ng5 {[%emt 0:00:01]} 22. Nxg5 {[%emt 0:00:02]} hxg5 {[%emt 0:00:02]} 23. Nf3 {[%emt 0:00:01]} Bxe4 {[%emt 0:00:08]} 24. Kf2 {[%emt 0:00:14]} Bxf3 {[%emt 0:00:04]} 25. Kxf3 {[%emt 0:00:02]} g4+ {[%emt 0:00:03]} 26. Kg2 {[%emt 0:00:06]} Rc8 {[%emt 0:00:03]} 27. Rbd1 {[%emt 0:00:03]} Rc3 {[%emt 0:00:05] Zaman (Lag: Av=0.51s, max=0.9s)} 0-1

[Event "Is Bankasi Online Satranc Turn.13-14 Yas"]
[Site "T#645826Mustafa Kemal"]
[Date "2020.05.08"]
[Round "2"]
[White "Demirbarkincak08"]
[Black "Berkaysavasan12"]
[Result "0-1"]
[WhiteElo "1620"]
[BlackElo "1620"]
[Annotator "NA RC"]
[PlyCount "62"]
[EventDate "2020.05.08"]
[EventType "swiss (blitz)"]

1. e4 {[%emt 0:00:06]} e6 {[%emt 0:00:02]} 2. d3 {[%emt 0:00:04]} d5 {[%emt 0:00:02]} 3. Nf3 {[%emt 0:00:04]} c6 {[%emt 0:00:07]} 4. exd5 {[%emt 0:00:04]} exd5 {[%emt 0:00:08]} 5. d4 {[%emt 0:00:03]} c5 {[%emt 0:00:05]} 6. Nc3 {[%emt 0:00:02]} Qb6 {[%emt 0:00:04]} 7. Nxd5 {[%emt 0:00:03]} Qd6 {[%emt 0:00:02]} 8. Nb4 {[%emt 0:00:10]} cxb4 {[%emt 0:00:02]} 9. c3 {[%emt 0:00:08]} bxc3 {[%emt 0:00:03]} 10. bxc3 {[%emt 0:00:03]} Nc6 {[%emt 0:00:03]} 11. Bb5 {[%emt 0:00:03]} Bd7 {[%emt 0:00:03]} 12. Bxc6 {[%emt 0:00:03]} Bxc6 {[%emt 0:00:07]} 13. Qe2+ {[%emt 0:00:01]} Qe7 {[%emt 0:00:06]} 14. Ne5 {[%emt 0:00:06]} f6 {[%emt 0:00:07]} 15. Nxc6 {[%emt 0:00:07]} Qxe2+ {[%emt 0:00:04]} 16. Kxe2 {[%emt 0:00:03]} bxc6 {[%emt 0:00:01]} 17. Bf4 {[%emt 0:00:05]} Ne7 {[%emt 0:00:09]} 18. Rae1 {[%emt 0:00:09]} Nd5 {[%emt 0:00:11]} 19. Kd1+ {[%emt 0:00:02]} Be7 {[%emt 0:00:03]} 20. Re2 {[%emt 0:00:08]} Nxc3+ {[%emt 0:00:05]} 21. Kd2 {[%emt 0:00:06]} Nxe2 {[%emt 0:00:01]} 22. Kxe2 {[%emt 0:00:02]} O-O {[%emt 0:00:02]} 23. Re1 {[%emt 0:00:07]} Rfe8 {[%emt 0:00:04]} 24. Kf1 {[%emt 0:00:06]} Bb4 {[%emt 0:00:04]} 25. Rb1 {[%emt 0:00:09]} Re4 {[%emt 0:00:10]} 26. f3 {[%emt 0:00:06]} Rxf4 {[%emt 0:00:02]} 27. g3 {[%emt 0:00:04]} Rxd4 {[%emt 0:00:02]} 28. Re1 {[%emt 0:00:08]} Bxe1 {[%emt 0:00:04]} 29. Kxe1 {[%emt 0:00:02]} Re8+ {[%emt 0:00:01]} 30. Kf2 {[%emt 0:00:06]} Rd2+ {[%emt 0:00:02]} 31. Kg1 {[%emt 0:00:05]} Re1# {[%emt 0:00:03] (Lag: Av=1.51s, max=1.9s)} 0-1

[Event "Is Bankasi Online Satranc Turn.13-14 Yas"]
[Site "T#645826Mustafa Kemal"]
[Date "2020.05.08"]
[Round "2"]
[White "Dorukcagandemi20"]
[Black "Aliosmanalanba26"]
[Result "0-1"]
[WhiteElo "1620"]
[BlackElo "1620"]
[Annotator "NA RC"]
[PlyCount "60"]
[EventDate "2020.05.08"]
[EventType "swiss (blitz)"]

1. e4 {[%emt 0:00:07]} c5 {[%emt 0:00:01]} 2. Nf3 {[%emt 0:00:07]} d6 {[%emt 0:00:01]} 3. Bb5+ {[%emt 0:00:06]} Bd7 {[%emt 0:00:02]} 4. Bxd7+ {[%emt 0:00:03]} Nxd7 {[%emt 0:00:00]} 5. d3 {[%emt 0:00:05]} Ngf6 {[%emt 0:00:02]} 6. O-O {[%emt 0:00:06]} g6 {[%emt 0:00:01]} 7. Nc3 {[%emt 0:00:08]} Bg7 {[%emt 0:00:02]} 8. Bf4 {[%emt 0:00:10]} O-O {[%emt 0:00:02]} 9. Qd2 {[%emt 0:00:11]} a6 {[%emt 0:00:03]} 10. a4 {[%emt 0:00:11]} Rb8 {[%emt 0:00:18]} 11. a5 {[%emt 0:00:11]} b5 {[%emt 0:00:04]} 12. axb6 {[%emt 0:00:09]} Rxb6 {[%emt 0:00:00]} 13. b3 {[%emt 0:00:08]} Ng4 {[%emt 0:00:43]} 14. h3 {[%emt 0:00:06]} Nge5 {[%emt 0:00:03]} 15. Nxe5 {[%emt 0:00:09]} Nxe5 {[%emt 0:00:00]} 16. Bh6 {[%emt 0:00:08]} Nc6 {[%emt 0:00:42]} 17. Bxg7 {[%emt 0:00:06]} Kxg7 {[%emt 0:00:02]} 18. Nd5 {[%emt 0:00:10]} Rb7 {[%emt 0:00:40]} 19. Rxa6 {[%emt 0:00:07]} Nd4 {[%emt 0:00:04]} 20. f4 {[%emt 0:00:17]} e6 {[%emt 0:00:02]} 21. Ne3 {[%emt 0:00:07]} Rb6 {[%emt 0:00:15]} 22. Rxb6 {[%emt 0:00:09]} Qxb6 {[%emt 0:00:02]} 23. f5 {[%emt 0:00:07]} exf5 {[%emt 0:00:22]} 24. exf5 {[%emt 0:00:07]} f6 {[%emt 0:00:08]} 25. fxg6 {[%emt 0:00:06]} hxg6 {[%emt 0:00:01]} 26. Ng4 {[%emt 0:00:11]} Nf5 {[%emt 0:00:02]} 27. Rxf5 {[%emt 0:00:07]} gxf5 {[%emt 0:00:01]} 28. Qh6+ {[%emt 0:00:06]} Kf7 {[%emt 0:00:01]} 29. Qxf6+ {[%emt 0:00:06]} Ke8 {[%emt 0:00:01]} 30. Qe6+ {[%emt 0:00:05]} Kd8 {[%emt 0:00:01] Zaman (Lag: Av=0.69s, max=1.0s)} 0-1

[Event "Is Bankasi Online Satranc Turn.13-14 Yas"]
[Site "T#645826Mustafa Kemal"]
[Date "2020.05.08"]
[Round "2"]
[White "Efehanbasaran68"]
[Black "Cemeyyam86"]
[Result "0-1"]
[WhiteElo "1620"]
[BlackElo "1620"]
[Annotator "NA RC"]
[PlyCount "40"]
[EventDate "2020.05.08"]
[EventType "swiss (blitz)"]

1. e4 {[%emt 0:00:02]} c6 {[%emt 0:00:02]} 2. d4 {[%emt 0:00:02]} d5 {[%emt 0:00:02]} 3. e5 {[%emt 0:00:01]} Bf5 {[%emt 0:00:02]} 4. Nf3 {[%emt 0:00:01]} e6 {[%emt 0:00:06]} 5. Nc3 {[%emt 0:00:01]} Ne7 {[%emt 0:00:03]} 6. Be3 {[%emt 0:00:01]} Qb6 {[%emt 0:00:05]} 7. Bd3 {[%emt 0:00:07]} Bxd3 {[%emt 0:00:03]} 8. cxd3 {[%emt 0:00:00]} Qxb2 {[%emt 0:00:12]} 9. Bd2 {[%emt 0:00:17]} Qb6 {[%emt 0:00:06]} 10. O-O {[%emt 0:00:03]} Nf5 {[%emt 0:00:04]} 11. Rb1 {[%emt 0:00:14]} Qc7 {[%emt 0:00:05]} 12. Qc2 {[%emt 0:00:09]} c5 {[%emt 0:00:08]} 13. Nb5 {[%emt 0:00:51]} Qc6 {[%emt 0:00:21]} 14. dxc5 {[%emt 0:00:24]} Bxc5 {[%emt 0:00:12]} 15. Be3 {[%emt 0:00:03]} Nxe3 {[%emt 0:00:10]} 16. Qc3 {[%emt 0:00:25]} Nxf1 {[%emt 0:00:07]} 17. Kxf1 {[%emt 0:00:00]} O-O {[%emt 0:00:06]} 18. d4 {[%emt 0:00:08]} Bb6 {[%emt 0:00:03]} 19. Qxc6 {[%emt 0:00:10]} Nxc6 {[%emt 0:00:00]} 20. Nd6 {[%emt 0:00:10] Efehanbasaran68 beraberlik teklif ediyor} Rab8 {[%emt 0:00:27] Efehanbasaran68 terk eder (Lag: Av=1.35s, max=1.9s)} 0-1

[Event "Is Bankasi Online Satranc Turn.13-14 Yas"]
[Site "T#645826Mustafa Kemal"]
[Date "2020.05.08"]
[Round "2"]
[White "Efekucuknane86"]
[Black "Batuhanfettah06"]
[Result "0-1"]
[WhiteElo "1620"]
[BlackElo "1601"]
[Annotator "NA RC"]
[PlyCount "96"]
[EventDate "2020.05.08"]
[EventType "swiss (blitz)"]

1. e4 {[%emt 0:00:02]} e5 {[%emt 0:00:03]} 2. Nf3 {[%emt 0:00:01]} Nf6 {[%emt 0:00:02]} 3. Nxe5 {[%emt 0:00:03]} d6 {[%emt 0:00:02]} 4. Nf3 {[%emt 0:00:00]} Nxe4 {[%emt 0:00:05]} 5. Nc3 {[%emt 0:00:01]} Nxc3 {[%emt 0:00:03]} 6. dxc3 {[%emt 0:00:01]} Nc6 {[%emt 0:00:07]} 7. Be3 {[%emt 0:00:10]} Be6 {[%emt 0:00:05]} 8. Bd3 {[%emt 0:00:14]} Be7 {[%emt 0:00:06]} 9. Qd2 {[%emt 0:00:04]} O-O {[%emt 0:00:03]} 10. O-O-O {[%emt 0:00:15]} a6 {[%emt 0:00:05]} 11. h4 {[%emt 0:00:12]} Qd7 {[%emt 0:00:04]} 12. Ng5 {[%emt 0:00:08]} h6 {[%emt 0:00:08]} 13. Nxe6 {[%emt 0:00:06]} Qxe6 {[%emt 0:00:05]} 14. Kb1 {[%emt 0:00:05]} Ne5 {[%emt 0:00:06]} 15. h5 {[%emt 0:00:16]} Rfe8 {[%emt 0:00:04]} 16. Bd4 {[%emt 0:00:04]} Nxd3 {[%emt 0:00:06]} 17. Qxd3 {[%emt 0:00:04]} Bf6 {[%emt 0:00:04]} 18. Qd2 {[%emt 0:00:24]} Bxd4 {[%emt 0:00:04]} 19. Qxd4 {[%emt 0:00:03]} Qf5 {[%emt 0:00:07]} 20. Qh4 {[%emt 0:00:23]} Re2 {[%emt 0:00:06]} 21. Rc1 {[%emt 0:00:17]} Rxf2 {[%emt 0:00:04]} 22. Qe7 {[%emt 0:00:07]} Rc8 {[%emt 0:00:06]} 23. Qh4 {[%emt 0:00:17]} Rxg2 {[%emt 0:00:04]} 24. Rhf1 {[%emt 0:00:06]} Qe6 {[%emt 0:00:10]} 25. Qf4 {[%emt 0:00:05]} Re8 {[%emt 0:00:09]} 26. Qf3 {[%emt 0:00:03]} Rg5 {[%emt 0:00:05]} 27. Qxb7 {[%emt 0:00:03]} Rxh5 {[%emt 0:00:04]} 28. Qxc7 {[%emt 0:00:02]} d5 {[%emt 0:00:04]} 29. Qc5 {[%emt 0:00:04]} Re5 {[%emt 0:00:04]} 30. Qf2 {[%emt 0:00:05]} g5 {[%emt 0:00:06]} 31. Rcd1 {[%emt 0:00:03]} Re2 {[%emt 0:00:07]} 32. Qf3 {[%emt 0:00:01]} Qg6 {[%emt 0:00:07]} 33. Qd3 {[%emt 0:00:07]} g4 {[%emt 0:00:05]} 34. Qxg6+ {[%emt 0:00:03]} fxg6 {[%emt 0:00:10]} 35. Rxd5 {[%emt 0:00:01]} g3 {[%emt 0:00:07]} 36. Rdd1 {[%emt 0:00:05]} g2 {[%emt 0:00:03]} 37. Rg1 {[%emt 0:00:01]} h5 {[%emt 0:00:12]} 38. Kc1 {[%emt 0:00:01]} h4 {[%emt 0:00:52]} 39. Rd2 {[%emt 0:00:02]} Re1+ {[%emt 0:00:03]} 40. Rd1 {[%emt 0:00:01]} R1e2 {[%emt 0:00:03]} 41. Rd2 {[%emt 0:00:03]} Re1+ {[%emt 0:00:01]} 42. Rd1 {[%emt 0:00:01]} Rxd1+ {[%emt 0:00:01]} 43. Kxd1 {[%emt 0:00:02]} h3 {[%emt 0:00:01]} 44. Kd2 {[%emt 0:00:10]} h2 {[%emt 0:00:01]} 45. Rxg2 {[%emt 0:00:01]} h1=Q {[%emt 0:00:02]} 46. Rxg6+ {[%emt 0:00:01]} Kf7 {[%emt 0:00:02]} 47. Rxa6 {[%emt 0:00:03]} Qg2+ {[%emt 0:00:03]} 48. Kd3 {[%emt 0:00:02]} Qe2+ {[%emt 0:00:01] Efekucuknane86 terk eder (Lag: Av=1.20s, max=5.5s)} 0-1

[Event "Is Bankasi Online Satranc Turn.13-14 Yas"]
[Site "T#645826Mustafa Kemal"]
[Date "2020.05.08"]
[Round "2"]
[White "Efesoganci12"]
[Black "Tugrakamilerog20"]
[Result "0-1"]
[WhiteElo "1620"]
[BlackElo "1620"]
[Annotator "NA RC"]
[PlyCount "60"]
[EventDate "2020.05.08"]
[EventType "swiss (blitz)"]

1. Nf3 {[%emt 0:00:09]} Nc6 {[%emt 0:00:03]} 2. g3 {[%emt 0:00:02]} d5 {[%emt 0:00:02]} 3. Bg2 {[%emt 0:00:04]} Nf6 {[%emt 0:00:05]} 4. O-O {[%emt 0:00:04]} g6 {[%emt 0:00:03]} 5. Nc3 {[%emt 0:00:03]} Bg7 {[%emt 0:00:02]} 6. e3 {[%emt 0:00:03]} O-O {[%emt 0:00:03]} 7. Re1 {[%emt 0:00:06]} Bf5 {[%emt 0:00:06]} 8. d4 {[%emt 0:00:06]} Nb4 {[%emt 0:00:03]} 9. e4 {[%emt 0:00:18]} dxe4 {[%emt 0:00:10]} 10. Nh4 {[%emt 0:00:21]} Qd7 {[%emt 0:00:06]} 11. Nxf5 {[%emt 0:00:14]} Qxf5 {[%emt 0:00:06]} 12. Bxe4 {[%emt 0:00:05]} Nxe4 {[%emt 0:00:06]} 13. Nxe4 {[%emt 0:00:02]} Rad8 {[%emt 0:00:22]} 14. c3 {[%emt 0:00:10]} Nc6 {[%emt 0:00:07]} 15. b4 {[%emt 0:00:21]} a6 {[%emt 0:00:08]} 16. Bf4 {[%emt 0:00:07]} e5 {[%emt 0:00:18]} 17. Bd2 {[%emt 0:00:12]} exd4 {[%emt 0:00:08]} 18. cxd4 {[%emt 0:00:04]} Nxd4 {[%emt 0:00:04]} 19. Qc1 {[%emt 0:00:21]} Nf3+ {[%emt 0:00:06]} 20. Kg2 {[%emt 0:00:20]} Nxe1+ {[%emt 0:00:06]} 21. Qxe1 {[%emt 0:00:06]} Bxa1 {[%emt 0:00:13]} 22. Qxa1 {[%emt 0:00:08]} Qxe4+ {[%emt 0:00:07]} 23. Kh3 {[%emt 0:00:01]} Rxd2 {[%emt 0:00:07]} 24. Qf1 {[%emt 0:00:05]} Rxa2 {[%emt 0:00:10]} 25. b5 {[%emt 0:00:06]} Qf5+ {[%emt 0:00:03]} 26. Kg2 {[%emt 0:00:05]} axb5 {[%emt 0:00:03]} 27. Qg1 {[%emt 0:00:06]} Qe4+ {[%emt 0:00:02]} 28. Kh3 {[%emt 0:00:03]} f5 {[%emt 0:00:04]} 29. g4 {[%emt 0:00:05]} Ra3+ {[%emt 0:00:03]} 30. Kh4 {[%emt 0:00:03]} fxg4 {[%emt 0:00:07] Zaman (Lag: Av=0.70s, max=0.9s)} 0-1

[Event "Is Bankasi Online Satranc Turn.13-14 Yas"]
[Site "T#645826Mustafa Kemal"]
[Date "2020.05.08"]
[Round "2"]
[White "Egecakir92"]
[Black "Abdulkadircere34"]
[Result "1-0"]
[WhiteElo "1620"]
[BlackElo "1620"]
[Annotator "NA RC"]
[PlyCount "63"]
[EventDate "2020.05.08"]
[EventType "swiss (blitz)"]

1. d4 {[%emt 0:00:04]} e5 {[%emt 0:00:00]} 2. dxe5 {[%emt 0:00:03]} Qe7 {[%emt 0:00:05]} 3. Nf3 {[%emt 0:00:02]} f6 {[%emt 0:00:05]} 4. exf6 {[%emt 0:00:02]} Qxf6 {[%emt 0:00:01]} 5. c3 {[%emt 0:00:03]} Nc6 {[%emt 0:00:07]} 6. Bg5 {[%emt 0:00:02]} Qg6 {[%emt 0:00:06]} 7. e3 {[%emt 0:00:04]} h6 {[%emt 0:00:03]} 8. Bd3 {[%emt 0:00:05]} Qd6 {[%emt 0:00:14]} 9. Bf4 {[%emt 0:00:04]} Qe6 {[%emt 0:00:04]} 10. Nh4 {[%emt 0:00:18]} g5 {[%emt 0:00:06]} 11. Qh5+ {[%emt 0:00:06]} Kd8 {[%emt 0:00:11]} 12. Bxg5+ {[%emt 0:00:13]} hxg5 {[%emt 0:00:11]} 13. Qxh8 {[%emt 0:00:06]} gxh4 {[%emt 0:00:04]} 14. Qxh4+ {[%emt 0:00:07]} Be7 {[%emt 0:00:04]} 15. Qh8 {[%emt 0:00:13]} d5 {[%emt 0:00:08]} 16. Nd2 {[%emt 0:00:13]} Bf6 {[%emt 0:00:14]} 17. Qh5 {[%emt 0:00:02]} a5 {[%emt 0:00:27]} 18. O-O {[%emt 0:00:17]} b6 {[%emt 0:00:18]} 19. c4 {[%emt 0:00:03]} dxc4 {[%emt 0:00:03]} 20. Bxc4 {[%emt 0:00:02]} Qe8 {[%emt 0:00:04]} 21. Qd5+ {[%emt 0:00:10]} Qd7 {[%emt 0:00:19]} 22. Qxg8+ {[%emt 0:00:02]} Qe8 {[%emt 0:00:04]} 23. Qd5+ {[%emt 0:00:01]} Qd7 {[%emt 0:00:04]} 24. Nf3 {[%emt 0:00:02]} Qxd5 {[%emt 0:00:11]} 25. Bxd5 {[%emt 0:00:02]} Ra6 {[%emt 0:00:05]} 26. Bxc6 {[%emt 0:00:03]} Bxb2 {[%emt 0:00:07]} 27. Rfd1+ {[%emt 0:00:01]} Ke7 {[%emt 0:00:09]} 28. Rab1 {[%emt 0:00:02]} Bf6 {[%emt 0:00:10]} 29. Rb3 {[%emt 0:00:09]} a4 {[%emt 0:00:04]} 30. Rbd3 {[%emt 0:00:02]} Ra5 {[%emt 0:00:08]} 31. Bd7 {[%emt 0:00:02]} Bxd7 {[%emt 0:00:07]} 32. Rxd7+ {[%emt 0:00:02] Zaman (Lag: Av=1.11s, max=1.3s)} 1-0